000
00320nam a2200133Ia 4500
005
20251222144625.0
008
251222s9999||||xx |||||||||||||| ||spa||
020
_a
978-612-4031-91-5
082
_a
371.33/P63
100
_a
Pitluk, Laura
245
0
_a
La Planificación Didáctica:
264
_b
Centauro
942
_c
LIB
999
_c
16088
_d
16088